000 00320nam a22001457a 4500
008 210602b ||||| |||| 00| 0 eng d
020 _a9780881790320
041 _aeng
080 _a34
082 _a34
100 _a13
101 _aJUR
245 _aThe Law for Crafts People
_cLeonard D. Duboff
942 _2udc
_cBK
999 _c57928
_d57928